Naufragio en el Sur ¿Quién dirige el rescate: ONG o estado? /
שמור ב:
| מחבר ראשי: | |
|---|---|
| פורמט: | Texto |
| תגים: |
הוספת תג
אין תגיות, היה/י הראשונ/ה לתייג את הרשומה!
|
MARC
| LEADER | 00000 a a2200000 04500 | ||
|---|---|---|---|
| 001 | 7172 | ||
| 003 | |||
| 040 | |||
| 100 | |a Pons Cortés, Gabriel | ||
| 245 | |a Naufragio en el Sur ¿Quién dirige el rescate: ONG o estado? / |c Gabriel Pons Cortés | ||
| 773 | |g volumen 20, número 234; páginas 45-54 | ||
| 999 | |c 36706 |d 36706 | ||
